| 000 | 00462nam a2200181Ia 4500 | ||
|---|---|---|---|
| 999 |
_c5739 _d5739 |
||
| 020 | _a0-415-42412-7 | ||
| 082 | _a363.460954 ABO- | ||
| 245 | 0 | _aAbortion in India: ground realities | |
| 260 |
_aLondon _bRoutledge _c2007 |
||
| 300 | _axviii, 352 | ||
| 504 | _aIncludes index | ||
| 650 |
_aAbortion _zIndia |
||
| 650 |
_aAbortion counseling _zIndia |
||
| 650 |
_aSex and law _zIndia |
||
| 700 | _aRamachandran, Vimala | ||
| 700 | _aVisaria, Leela | ||
| 942 | _cBK | ||